000 00703nam a2200181 a 4500
003 0
005 20250208095255.0
008 130125s19uu xx 00 eng d
050 _aPHS GV 1781
_b.F175 2012
100 _aFajardo, Jeanne Dagny
245 _aTo what extent did Ballet contribute to the local government public relations during the Marcos regime /
_cJeanne Dagny Fajardo.
260 _aLas PiƱas City, Philippines :
_bSouthville International School and Colleges,
_c2012.
300 _a44 pages :
_billustrations ;
_c28 cm.
504 _aIncludes bibliographical references.
650 _aBallet
_xInfluence
651 _aPhilippines
_xPolitics and government
_x1973-1986
942 _2lcc
_cPASS
999 _c98844
_d98844